00636nam a2200181Ia 4500952013300000999001700133003000400150005001700154008004100171020001500212040000900227082001800236100002800254245008400282260003700366300000900403942004200412 00102ddc40708HISTORYaMESbMEScHISd2019-02-20g325.00l0o954.03 MET/Np23145r2019-02-20 00:00:00w2019-02-20yBKzGL37R1 c20563d20563OSt20200623131536.0190216s9999||||xx |||||||||||||| ||und|| a8185618666 coclc a954.03bMET/N aMetcalf, Thomas R93137 4aThe New Cambridge History Of India :bIdeologies Of The Raj /cThomas R Metcalf bCambridge Uty Press,c1996.aUK: a244p cBK2ddch954.03iMET/Ik954.03mMET/I